| 000 | 00361nam a2200157Ia 4500 | ||
|---|---|---|---|
| 100 | _aRajaraman V | ||
| 650 | _aInformation technology | ||
| 942 | _cBK | ||
| 654 | _ainformation technology | ||
| 245 | _aIntroduction to Information technology | ||
| 260 |
_bPrentice Hall _c2003 |
||
| 082 |
_a4.6 _bRAJ |
||
| 300 | _a370 | ||
| 546 | _aENGLISH | ||
| 999 |
_c27790 _d27790 |
||